| 000 | 00688nam a2200253 a 4500 | ||
|---|---|---|---|
| 001 | 82627 | ||
| 003 | BD-RjUL | ||
| 005 | 20240116103940.0 | ||
| 008 | 240116s1955 enk 000 0 eng d | ||
| 035 | _a(BD-RjUL)82627 | ||
| 040 |
_aBGU _beng _cBD-RjUL |
||
| 041 | _aeng | ||
| 082 |
_223 _a823.9 _bGRE 1955 |
||
| 100 | 1 |
_aGreene, Graham, _d1904-1991 _910836 |
|
| 245 | 1 | 0 |
_aEnd of the affair / _cby Graham Greene |
| 250 | _aUniform ed. | ||
| 250 | _alibrary ed. | ||
| 260 |
_aLondon : _bWilliam Heinemann, _c1955, 1959 |
||
| 300 |
_a237 p.; _c18 cm. |
||
| 650 |
_aAdultery _910850 |
||
| 650 |
_aMale friendship _910851 |
||
| 650 |
_aMan-woman relationships _95240 |
||
| 942 |
_2ddc _cBK |
||
| 999 |
_c82627 _d82627 |
||